000 00678nam a2200229 a 4500
001 54713
003 BD-RjUL
005 20211209080147.0
008 161109s1955 e a b 000 0 eng
035 _a(BD-RjUL) 54835
040 _aDLC
_cWSU
_dBD-RjUL
_beng
041 _aeng
082 0 0 _a621.48
_bMUI 1955
_223
100 1 _aMurray, Raymond L.,
_d1920-2011.
_928800
245 1 0 _aIntroduction to nuclear engineering /
_cRaymond L. Murray
260 _aLondon :
_bGeorge Allen & Unwin Ltd.,
_c1955.
300 _axiv, 418 p. :
_bill. ;
_c23 cm.
500 _aIncludes index.
650 0 _aNuclear reactors.
_928078
650 0 _aNuclear engineering.
_928801
942 _2ddc
_cBK
999 _c54713
_d54713